[Event "Oberliga Nord O 2324"]
[Site "Germany"]
[Date "2024.04.14"]
[Round "8.4"]
[White "Raitza, Olaf"]
[Black "Thinius, Marco"]
[Result "1/2-1/2"]
[WhiteElo "2042"]
[BlackElo "2361"]
[PlyCount "55"]
[EventDate "2023.10.22"]
[EventType "team-tourn"]
[EventRounds "9"]
[EventCountry "GER"]
[SourceTitle "EXT 2025"]
[Source "ChessBase"]
[SourceDate "2024.10.14"]
[SourceVersion "1"]
[SourceVersionDate "2024.10.14"]
[SourceQuality "1"]
[WhiteTeam "Oberschoeneweide"]
[BlackTeam "Berlin Empor"]
[WhiteTeamCountry "GER"]
[BlackTeamCountry "GER"]

1. e4 c6 2. d4 d5 3. exd5 cxd5 4. Bd3 Nc6 5. c3 Qc7 6. h3 Nf6 7. Nf3 g6 8. Nbd2 Bf5 9. Nb3 Bxd3 10. Qxd3 e6 11. 0-0 h6 12. Re1 0-0-0 13. Ne5 Nxe5 14. dxe5 Nd7 15. Be3 Nxe5 16. Qd4 Bd6 17. Qxa7 Nc4 18. a4 e5 19. a5 Qb8 20. Qxb8+ Bxb8 21. a6 bxa6 22. Rxa6 Rd6 23. Ra8 Nxe3 24. fxe3 Rb6 25. Nc5 Rxb2 26. Rf1 Rb5 27. Na6 Kb7 28. Rxb8+ 1/2-1/2

[Event "Oberliga Nord O 2324"]
[Site "Germany"]
[Date "2023.10.22"]
[Round "1.5"]
[White "Sarbok, Torsten"]
[Black "Thinius, Marco"]
[Result "0-1"]
[WhiteElo "2324"]
[BlackElo "2361"]
[PlyCount "80"]
[EventDate "2023.10.22"]
[EventType "team-tourn"]
[EventRounds "9"]
[EventCountry "GER"]
[SourceTitle "EXT 2025"]
[Source "ChessBase"]
[SourceDate "2024.10.14"]
[SourceVersion "1"]
[SourceVersionDate "2024.10.14"]
[SourceQuality "1"]
[WhiteTeam "Koenig Tegel"]
[BlackTeam "Berlin Empor"]
[WhiteTeamCountry "GER"]
[BlackTeamCountry "GER"]

1. e4 c6 2. d4 d5 3. Nc3 dxe4 4. Nxe4 Bf5 5. Ng3 Bg6 6. Nf3 e6 7. Be2 Nd7 8. 0-0 Ngf6 9. c3 Be7 10. Nh4 Qc7 11. Re1 Nd5 12. Nf3 0-0 13. Bd3 Bxd3 14. Qxd3 c5 15. dxc5 Nxc5 16. Qe2 Rfe8 17. Ne4 Nxe4 18. Qxe4 Rad8 19. Bg5 Bxg5 20. Nxg5 Nf6 21. Qe2 Rd5 22. Nf3 Red8 23. Red1 h6 24. Rxd5 Rxd5 25. c4 Rd8 26. b3 Qd6 27. g3 a5 28. Rc1 Qa3 29. Rc3 a4 30. Qc2 axb3 31. axb3 Qd6 32. Kg2 e5 33. h3 e4 34. Ng1 Qc6 35. Kf1 h5 36. Ne2 Qe6 37. Kg2 Qf5 38. Nc1 h4 39. g4 Nxg4 40. Qe2 Qe5 0-1

[Event "Maastricht Limburg op 15th"]
[Site "Maastricht"]
[Date "2023.05.27"]
[Round "2"]
[White "Thinius, Marco"]
[Black "Dardha, Daniel"]
[Result "0-1"]
[WhiteElo "2351"]
[BlackElo "2631"]
[PlyCount "122"]
[EventDate "2023.05.26"]
[EventType "swiss"]
[EventRounds "7"]
[EventCountry "NED"]
[SourceTitle "CBM 214 Extra"]
[Source "ChessBase"]
[SourceDate "2023.07.31"]
[SourceVersion "1"]
[SourceVersionDate "2023.07.31"]
[SourceQuality "1"]

1. Nf3 Nf6 2. c4 e6 3. Nc3 d5 4. d4 Nbd7 5. Bf4 Bb4 6. e3 Ne4 7. Qc2 g5 8. Bg3 h5 9. h4 g4 10. Nd2 Nxg3 11. fxg3 c6 12. Bd3 Qc7 13. Ne2 dxc4 14. Bxc4 Nb6 15. 0-0-0 Bxd2+ 16. Rxd2 Bd7 17. Rf1 Rc8 18. Nf4 Qd6 19. Bb3 c5 20. dxc5 Qxc5 21. Qxc5 Rxc5+ 22. Rc2 Rxc2+ 23. Kxc2 Bc6 24. Kc3 Rh6 25. Rf2 Nc8 26. Kd4 Nd6 27. Bc2 f5 28. b4 Ke7 29. a4 Nf7 30. Kc5 e5 31. Nd5+ Bxd5 32. Kxd5 Rd6+ 33. Kc4 Rd8 34. b5 Nd6+ 35. Kb4 Rc8 36. Bb3 Rc1 37. Bc2 Ke6 38. Bb3+ Ke7 39. Bc2 Re1 40. Bxf5 Rxe3 41. Bg6 b6 42. Bxh5 e4 43. Bxg4 Rxg3 44. Be2 Nb7 45. h5 Na5 46. Bc4 Rg4 47. Re2 Kf6 48. h6 e3 49. Rxe3 Rxc4+ 50. Ka3 Rh4 51. Rf3+ Kg6 52. Rd3 Rxh6 53. Rd6+ Kg5 54. Rxh6 Kxh6 55. Kb4 Kg5 56. Kc3 Kf5 57. Kd4 Ke6 58. g4 Nb3+ 59. Kc4 Nc5 60. a5 Nb7 61. axb6 axb6 0-1

[Event "Oberliga Nord O 2223"]
[Site "Germany"]
[Date "2023.03.19"]
[Round "7.2"]
[White "Thinius, Marco"]
[Black "Tschernatsch, Johannes"]
[Result "1-0"]
[WhiteElo "2348"]
[BlackElo "2297"]
[PlyCount "73"]
[EventDate "2022.10.23"]
[EventType "team-tourn"]
[EventRounds "9"]
[EventCountry "GER"]
[SourceTitle "EXT 2025"]
[Source "ChessBase"]
[SourceDate "2024.10.14"]
[SourceVersion "1"]
[SourceVersionDate "2024.10.14"]
[SourceQuality "1"]
[WhiteTeam "Berlin Empor"]
[BlackTeam "Potsdam Empor"]
[WhiteTeamCountry "GER"]
[BlackTeamCountry "GER"]

1. Nf3 Nf6 2. c4 g6 3. Nc3 Bg7 4. e4 e5 5. Nxe5 0-0 6. Nf3 Re8 7. d3 c6 8. Be2 d5 9. cxd5 cxd5 10. e5 Nfd7 11. d4 Nb6 12. 0-0 Nc6 13. Bg5 f6 14. exf6 Bxf6 15. Bxf6 Qxf6 16. Qd2 Bg4 17. Rad1 Kg7 18. h3 Bxf3 19. Bxf3 Nc4 20. Qc1 Nxd4 21. Nxd5 Nxf3+ 22. gxf3 Qh4 23. Qc3+ Ne5 24. Nc7 Qg5+ 25. Kh1 Qf5 26. Nxe8+ Rxe8 27. f4 Qe4+ 28. Kg1 Qxf4 29. Rfe1 Kh6 30. Kg2 g5 31. Rd4 Qf5 32. Rde4 Rf8 33. Rxe5 Qxf2+ 34. Kh1 Rf3 35. R5e3 Rf4 36. Qc8 Qxb2 37. Re6+ 1-0

[Event "EU-chT Seniors 50"]
[Site "Dresden"]
[Date "2022.10.27"]
[Round "1.2"]
[White "Thinius, Marco"]
[Black "Grund, Erwin1"]
[Result "1-0"]
[WhiteElo "2348"]
[BlackElo "1987"]
[PlyCount "55"]
[EventDate "2022.10.27"]
[EventType "team-swiss"]
[EventRounds "9"]
[EventCountry "GER"]
[SourceTitle "EXT 2024"]
[Source "ChessBase"]
[SourceDate "2023.10.10"]
[SourceVersion "1"]
[SourceVersionDate "2023.10.10"]
[SourceQuality "1"]
[WhiteTeam "Berlin 50"]
[BlackTeam "D5 aus dem Elbland 50"]
[WhiteTeamCountry "GER"]
[BlackTeamCountry "GER"]

1. Nf3 d5 2. d4 e6 3. c4 c5 4. cxd5 exd5 5. g3 c4 6. Bg2 Nf6 7. 0-0 Nc6 8. b3 Be6 9. bxc4 dxc4 10. Ng5 Rc8 11. Bb2 b5 12. e4 Nb4 13. d5 Bg4 14. Qd2 Nd3 15. h3 Bb4 16. Bc3 Bxc3 17. Nxc3 Bd7 18. e5 Nh5 19. e6 fxe6 20. dxe6 0-0 21. exd7 Qxd7 22. Bd5+ Kh8 23. Be6 Qb7 24. Bxc8 Rxc8 25. Qe2 Nf6 26. Qe6 h6 27. Nf7+ Kh7 28. Nd6 1-0

[Event "Oberliga Nord O 2122"]
[Site "Germany"]
[Date "2022.05.29"]
[Round "5.2"]
[White "Thinius, Marco"]
[Black "Gebert Vangeel, Ralf"]
[Result "1-0"]
[WhiteElo "2391"]
[BlackElo "2058"]
[PlyCount "51"]
[EventDate "2021.10.31"]
[EventType "team-tourn"]
[EventRounds "9"]
[EventCountry "GER"]
[SourceTitle "EXT 2024"]
[Source "ChessBase"]
[SourceDate "2023.10.10"]
[SourceVersion "1"]
[SourceVersionDate "2023.10.10"]
[SourceQuality "1"]
[WhiteTeam "Berlin Empor"]
[BlackTeam "Guestrow/Teterow"]
[WhiteTeamCountry "GER"]
[BlackTeamCountry "GER"]

1. c4 e5 2. Nc3 Bb4 3. Nd5 Bc5 4. e3 c6 5. d4 cxd5 6. dxc5 Qa5+ 7. Bd2 Qxc5 8. Qg4 g6 9. cxd5 Nf6 10. Qf3 Qe7 11. e4 h6 12. Ne2 d6 13. Ng3 a6 14. Rc1 Nbd7 15. Be2 Kf8 16. 0-0 Nc5 17. b4 Bg4 18. Qe3 Bxe2 19. Qxe2 Ncd7 20. Rc7 Rb8 21. f4 Qd8 22. Rc3 Kg7 23. Rcf3 Rf8 24. fxe5 dxe5 25. Qf2 Qe7 26. Bxh6+ 1-0

[Event "Oberliga Nord O 2122"]
[Site "Germany"]
[Date "2022.05.01"]
[Round "9.2"]
[White "Thinius, Marco"]
[Black "Maetzkow, Maximilian Paul"]
[Result "1/2-1/2"]
[WhiteElo "2391"]
[BlackElo "2290"]
[PlyCount "83"]
[EventDate "2021.10.31"]
[EventType "team-tourn"]
[EventRounds "9"]
[EventCountry "GER"]
[SourceTitle "EXT 2023"]
[Source "ChessBase"]
[SourceDate "2022.10.05"]
[SourceVersion "1"]
[SourceVersionDate "2022.10.05"]
[SourceQuality "1"]
[WhiteTeam "Berlin Empor"]
[BlackTeam "Kreuzberg"]
[WhiteTeamCountry "GER"]
[BlackTeamCountry "GER"]

1. c4 e5 2. Nc3 Nf6 3. Nf3 Nc6 4. e4 d6 5. d4 exd4 6. Nxd4 Be7 7. Be2 0-0 8. 0-0 Re8 9. Nc2 h6 10. Be3 Bf8 11. f3 a5 12. Qd2 Nb4 13. Rfd1 Nxc2 14. Qxc2 Qe7 15. Bf1 g6 16. Rac1 Bd7 17. Qd2 Kh7 18. Bf2 Bg7 19. Re1 Bc6 20. Nd5 Bxd5 21. cxd5 Rac8 22. g3 c5 23. dxc6 Rxc6 24. Bb5 Rxc1 25. Rxc1 Qe5 26. a4 d5 27. exd5 Rd8 28. Re1 Rxd5 29. Rxe5 Rxd2 30. Re7 Kg8 31. Rxb7 Rxb2 32. Rb8+ Kh7 33. Rb7 Kg8 34. Rb8+ Kh7 35. Rd8 h5 36. Rd1 h4 37. Bd4 Ra2 38. gxh4 Nh5 39. Bxg7 Nxg7 40. Rd7 Nf5 41. h5 Kh6 42. hxg6 1/2-1/2

[Event "Bremen Silvester op"]
[Site "Bremen"]
[Date "2021.12.29"]
[Round "5"]
[White "Thinius, Marco"]
[Black "Colbow, Collin"]
[Result "0-1"]
[WhiteElo "2382"]
[BlackElo "2322"]
[PlyCount "78"]
[EventDate "2021.12.21"]
[EventType "swiss"]
[EventRounds "7"]
[EventCountry "GER"]
[SourceTitle "CBM 205 Extra"]
[Source "ChessBase"]
[SourceDate "2022.01.31"]
[SourceVersion "1"]
[SourceVersionDate "2022.01.31"]
[SourceQuality "1"]

1. c4 Nf6 2. g3 e6 3. Bg2 d5 4. Nf3 d4 5. e3 c5 6. 0-0 Nc6 7. exd4 cxd4 8. d3 Nd7 9. Na3 e5 10. Nc2 a5 11. a3 Be7 12. Rb1 a4 13. Bd2 Qb6 14. Re1 0-0 15. Bh3 Bd6 16. Ng5 Nc5 17. Bxc8 Raxc8 18. Nb4 Nxb4 19. Bxb4 Nb3 20. Qh5 h6 21. Bxd6 Qxd6 22. Nf3 f6 23. Nh4 Qd7 24. Nf5 Rc7 25. Rbd1 Qf7 26. Qf3 Kh7 27. h4 h5 28. Nd6 Qg6 29. Rxe5 fxe5 30. Qxf8 Nc5 31. Nb5 Rc6 32. Qf3 Rf6 33. Qe2 e4 34. dxe4 Nxe4 35. Rxd4 Nxg3 36. fxg3 Qxg3+ 37. Kh1 Qh3+ 38. Kg1 Rg6+ 39. Kf2 Qg3+ 0-1

[Event "Bremen Silvester op"]
[Site "Bremen"]
[Date "2021.12.27"]
[Round "1"]
[White "Zhou, Lepu Coco"]
[Black "Thinius, Marco"]
[Result "0-1"]
[WhiteElo "1819"]
[BlackElo "2382"]
[PlyCount "76"]
[EventDate "2021.12.21"]
[EventType "swiss"]
[EventRounds "7"]
[EventCountry "GER"]
[SourceTitle "CBM 205 Extra"]
[Source "ChessBase"]
[SourceDate "2022.01.31"]
[SourceVersion "1"]
[SourceVersionDate "2022.01.31"]
[SourceQuality "1"]

1. e4 c5 2. Nf3 Nc6 3. d4 cxd4 4. Nxd4 e5 5. Nb5 d6 6. c4 Be6 7. b3 Nf6 8. Bd3 a6 9. N5c3 g6 10. 0-0 Bg7 11. Bb2 0-0 12. Nd5 Rc8 13. Nbc3 Nd4 14. Nxf6+ Bxf6 15. Nd5 Bxd5 16. exd5 Qa5 17. Be4 Bg7 18. f4 Qb6 19. Kh1 f5 20. fxe5 Bxe5 21. Bd3 Nf3 22. Qxf3 Bxb2 23. Rab1 Be5 24. b4 Rc7 25. Rfd1 Kg7 26. Qe2 Re8 27. Qc2 Qe3 28. c5 Qh6 29. g3 Bxg3 30. Qg2 Re3 31. cxd6 Bxd6 32. Bxf5 Rf7 33. Be6 Rff3 34. Rf1 Qf4 35. Rxf3 Rxf3 36. Kg1 Qe3+ 37. Kh1 Rf2 38. Qg1 Qe4+ 0-1

[Event "Oberliga Nord O 2122"]
[Site "Germany"]
[Date "2021.11.21"]
[Round "2.2"]
[White "Rietze, Clemens"]
[Black "Thinius, Marco"]
[Result "1/2-1/2"]
[WhiteElo "2270"]
[BlackElo "2391"]
[PlyCount "164"]
[EventDate "2021.10.31"]
[EventType "team-tourn"]
[EventRounds "9"]
[EventCountry "GER"]
[SourceTitle "EXT 2023"]
[Source "ChessBase"]
[SourceDate "2022.10.05"]
[SourceVersion "1"]
[SourceVersionDate "2022.10.05"]
[SourceQuality "1"]
[WhiteTeam "Koenig Tegel II"]
[BlackTeam "Berlin Empor"]
[WhiteTeamCountry "GER"]
[BlackTeamCountry "GER"]

1. d4 Nf6 2. c4 e6 3. Nf3 Bb4+ 4. Bd2 a5 5. g3 d6 6. Bg2 Nbd7 7. 0-0 e5 8. Be3 0-0 9. a3 exd4 10. Bxd4 Bc5 11. Nc3 Re8 12. Qc2 c6 13. Rfd1 Qe7 14. Rab1 Nb6 15. Ng5 Bxd4 16. Rxd4 h6 17. Nf3 c5 18. Rdd1 Nxc4 19. Nh4 Nb6 20. Nf5 Bxf5 21. Qxf5 Rad8 22. b4 axb4 23. axb4 cxb4 24. Rxb4 Qc7 25. Ne4 Nxe4 26. Bxe4 g6 27. Qf4 Qc5 28. Rdb1 Nd5 29. Bxd5 Qxd5 30. Qxh6 Qh5 31. Qxh5 gxh5 32. e3 d5 33. Rxb7 d4 34. exd4 Rxd4 35. Rb8 Rxb8 36. Rxb8+ Kg7 37. h4 Kg6 38. Rg8+ Kh6 39. Kg2 Rd3 40. Rg5 f5 41. Rxf5 Kg6 42. Rf3 Rd2 43. Re3 Ra2 44. Kf3 Rc2 45. Re2 Rc4 46. Re4 Rc2 47. Ke3 Ra2 48. Rd4 Ra3+ 49. Kf4 Ra1 50. Rc4 Rb1 51. f3 Rh1 52. Rc8 Ra1 53. Rg8+ Kf7 54. Rd8 Kg6 55. g4 Ra4+ 56. Kg3 Ra5 57. Rd6+ Kf7 58. Rc6 Rb5 59. Rc8 hxg4 60. Kxg4 Kg6 61. h5+ Kh6 62. f4 Kg7 63. Rc7+ Kh6 64. Rf7 Rxh5 65. Rf6+ Kg7 66. Re6 Ra5 67. Rb6 Kf7 68. Rh6 Rb5 69. Rh7+ Kf6 70. Rd7 Ra5 71. Rd6+ Kf7 72. Kf3 Ra4 73. Rd5 Ke6 74. Rb5 Ra1 75. Rb6+ Kf5 76. Rb5+ Kf6 77. Kg3 Rg1+ 78. Kf2 Rd1 79. Ke3 Ra1 80. Ke4 Ra4+ 81. Ke3 Ra3+ 82. Ke4 Ra4+ 1/2-1/2

[Event "Pfalz op-A 11th"]
[Site "Neustadt an der Weinstrasse"]
[Date "2020.02.23"]
[Round "5"]
[White "Thinius, Marco"]
[Black "Noe, Christopher"]
[Result "1/2-1/2"]
[WhiteElo "2393"]
[BlackElo "2517"]
[PlyCount "120"]
[EventDate "2020.02.21"]
[EventType "swiss"]
[EventRounds "9"]
[EventCountry "GER"]
[SourceTitle "CBM 195 Extra"]
[Source "ChessBase"]
[SourceDate "2020.05.31"]
[SourceVersion "1"]
[SourceVersionDate "2020.05.31"]
[SourceQuality "1"]

1. Nf3 d5 2. g3 c6 3. c4 Nf6 4. Bg2 Bg4 5. Ne5 Bf5 6. cxd5 cxd5 7. Nc3 Nc6 8. Qa4 Bd7 9. Nxd7 Qxd7 10. d4 e6 11. 0-0 Be7 12. e3 0-0 13. Bd2 Rfc8 14. Rfc1 Qd8 15. Be1 a6 16. Qd1 Nd7 17. Ne2 Rc7 18. Nf4 Bd6 19. Nd3 Rac8 20. b4 Ncb8 21. Bf1 Nb6 22. Rxc7 Qxc7 23. a4 Nc4 24. a5 Be7 25. Rc1 Qd8 26. Qb3 Nd6 27. Nc5 Nc6 28. Qa4 Na7 29. Bd3 Nab5 30. Qb3 g6 31. Kg2 Rc7 32. Rd1 Bf6 33. Be2 Rc8 34. f3 Rb8 35. Bf2 Bg7 36. e4 Nc7 37. g4 b6 38. axb6 Rxb6 39. e5 Nc4 40. Bxc4 dxc4 41. Qxc4 Nd5 42. Nxa6 h5 43. h3 Nf4+ 44. Kg3 h4+ 45. Kxf4 Bh6+ 46. Ke4 Qa8+ 47. d5 Rxa6 48. Be3 Bf8 49. Bc5 Bh6 50. f4 Ra3 51. Rd3 Ra1 52. g5 Bf8 53. Bxf8 Kxf8 54. Qc3 Kg8 55. Ke3 Rh1 56. dxe6 Rxh3+ 57. Kd4 Qd8+ 58. Ke4 Qa8+ 59. Kd4 Qd8+ 60. Ke4 Qa8+ 1/2-1/2

[Event "Heusenstamm Sparkassen op-A 6th"]
[Site "Heusenstamm"]
[Date "2019.11.24"]
[Round "6"]
[White "Thinius, Marco"]
[Black "Baltic, Fatih"]
[Result "1-0"]
[WhiteElo "2398"]
[BlackElo "2238"]
[PlyCount "71"]
[EventDate "2019.11.21"]
[EventType "swiss"]
[EventRounds "7"]
[EventCountry "GER"]
[SourceTitle "CBM 193 Extra"]
[Source "ChessBase"]
[SourceDate "2020.01.31"]
[SourceVersion "1"]
[SourceVersionDate "2020.01.31"]
[SourceQuality "1"]

1. Nf3 Nf6 2. c4 e6 3. g3 d5 4. Bg2 dxc4 5. 0-0 a6 6. Qc2 Bd6 7. Qxc4 b5 8. Qc2 Bb7 9. d3 0-0 10. Nc3 c5 11. a4 b4 12. Nb1 Nc6 13. Nbd2 Nd5 14. Nc4 a5 15. Bg5 f6 16. Be3 Nxe3 17. fxe3 Be7 18. Nfd2 Qc7 19. Nb3 Rfc8 20. Rac1 h5 21. Ncd2 Ne5 22. Bxb7 Qxb7 23. Nc4 Ng4 24. e4 Qc7 25. Qd2 Bd6 26. Rf3 Ra6 27. Kg2 Qd7 28. h3 Qxa4 29. Nbxa5 Nh6 30. Nxd6 Rxd6 31. Nc4 Rd4 32. Nb6 Qc6 33. Nxc8 Qxc8 34. Rxf6 gxf6 35. Qxh6 f5 36. Qg6+ 1-0

[Event "Heusenstamm Sparkassen op-A 6th"]
[Site "Heusenstamm"]
[Date "2019.11.23"]
[Round "5"]
[White "Browning, Alex"]
[Black "Thinius, Marco"]
[Result "1/2-1/2"]
[WhiteElo "2264"]
[BlackElo "2398"]
[PlyCount "41"]
[EventDate "2019.11.21"]
[EventType "swiss"]
[EventRounds "7"]
[EventCountry "GER"]
[SourceTitle "CBM 193 Extra"]
[Source "ChessBase"]
[SourceDate "2020.01.31"]
[SourceVersion "1"]
[SourceVersionDate "2020.01.31"]
[SourceQuality "1"]

1. e4 c5 2. Nf3 e6 3. c3 d5 4. exd5 Qxd5 5. d4 Nf6 6. Be2 Be7 7. 0-0 cxd4 8. Nxd4 0-0 9. Bf3 Qd8 10. Qe2 Nbd7 11. Nd2 a6 12. Nc4 Qc7 13. Re1 Re8 14. Bg5 Ng4 15. Bxg4 Bxg5 16. Rad1 Nf6 17. Bh3 Bd7 18. Nf3 Bb5 19. Qe5 Bf4 20. Qxc7 Bxc7 21. Nd6 1/2-1/2

[Event "Berlin Lichtenberger op 18th"]
[Site "Berlin"]
[Date "2019.08.21"]
[Round "5"]
[White "Thinius, Marco"]
[Black "Barseghyan, Armen Ar"]
[Result "0-1"]
[WhiteElo "2404"]
[BlackElo "2313"]
[PlyCount "98"]
[EventDate "2019.08.17"]
[EventType "swiss"]
[EventRounds "9"]
[EventCountry "GER"]
[SourceTitle "EXT 2020"]
[Source "ChessBase"]
[SourceDate "2019.10.17"]
[SourceVersion "1"]
[SourceVersionDate "2019.10.17"]
[SourceQuality "1"]

1. Nf3 c5 2. c4 g6 3. g3 Bg7 4. Bg2 Nf6 5. 0-0 0-0 6. d4 cxd4 7. Nxd4 Nc6 8. Nc3 Qa5 9. Nb3 Qh5 10. c5 a5 11. e3 a4 12. Qxh5 Nxh5 13. Nd4 Nxd4 14. exd4 Bxd4 15. Bh6 Rd8 16. Nd5 e6 17. Nb6 Ra5 18. Nxc8 Rxc8 19. Rad1 e5 20. Be3 Rcxc5 21. Bxd4 exd4 22. Rxd4 Nf6 23. Bxb7 Rcb5 24. Bf3 Rxb2 25. Ra1 g5 26. g4 h5 27. a3 hxg4 28. Bxg4 Nxg4 29. Rxg4 Kf8 30. Rd1 Ra2 31. Rxd7 Rxa3 32. h4 Rf3 33. Rxg5 Ra6 34. Rd2 a3 35. Ra2 Rb3 36. Rg3 Rg6 37. Rxg6 fxg6 38. Rc2 Rb8 39. Kg2 Ra8 40. Ra2 Kf7 41. Kg3 Kf6 42. Kg4 Ra4+ 43. Kg3 Kf5 44. f3 Ke5 45. Kh3 Kd5 46. Ra1 a2 47. Kg3 Ke5 48. Re1+ Kf5 49. Ra1 Ra6 0-1

[Event "Berlin Lichtenberger op 18th"]
[Site "Berlin"]
[Date "2019.08.18"]
[Round "2"]
[White "Rogozenco, Teodora Nana"]
[Black "Thinius, Marco"]
[Result "0-1"]
[WhiteElo "1974"]
[BlackElo "2404"]
[PlyCount "42"]
[EventDate "2019.08.17"]
[EventType "swiss"]
[EventRounds "9"]
[EventCountry "GER"]
[SourceTitle "EXT 2020"]
[Source "ChessBase"]
[SourceDate "2019.10.17"]
[SourceVersion "1"]
[SourceVersionDate "2019.10.17"]
[SourceQuality "1"]

1. d4 Nf6 2. c4 e6 3. Nc3 Bb4 4. Qc2 d5 5. cxd5 exd5 6. Bg5 h6 7. Bxf6 Qxf6 8. e3 0-0 9. Bd3 c5 10. Nf3 Nc6 11. 0-0 cxd4 12. Nxd5 Qd6 13. e4 Be6 14. a3 Ba5 15. Rfd1 Rac8 16. Qb3 Bb6 17. Qb5 Bxd5 18. Qxd5 Qxd5 19. exd5 Ne7 20. Be4 Rfd8 21. Nxd4 Rc4 0-1

[Event "Oberliga Nord O 1819"]
[Site "Germany"]
[Date "2019.02.24"]
[Round "7.1"]
[White "Nogly, Christoph"]
[Black "Thinius, Marco"]
[Result "1-0"]
[WhiteElo "2223"]
[BlackElo "2407"]
[PlyCount "115"]
[EventDate "2018.10.21"]
[EventType "team-tourn"]
[EventRounds "9"]
[EventCountry "GER"]
[SourceTitle "EXT 2020"]
[Source "ChessBase"]
[SourceDate "2019.10.17"]
[SourceVersion "1"]
[SourceVersionDate "2019.10.17"]
[SourceQuality "1"]
[WhiteTeam "Berlin SF III"]
[BlackTeam "Berlin Empor"]
[WhiteTeamCountry "GER"]
[BlackTeamCountry "GER"]

1. d4 Nf6 2. c4 e6 3. g3 c5 4. d5 exd5 5. cxd5 d6 6. Nc3 g6 7. Bg2 Bg7 8. Nf3 0-0 9. 0-0 Re8 10. Re1 a6 11. a4 Nbd7 12. e4 Ng4 13. Nh4 Nge5 14. f4 Nc4 15. Bf1 Na5 16. Be3 Nf6 17. Qc2 Ng4 18. Bc1 Qb6 19. h3 c4+ 20. Kg2 Nb3 21. Rb1 Nxc1 22. hxg4 Nd3 23. Bxd3 cxd3 24. Qxd3 Bxg4 25. Nf3 Rac8 26. Re2 Qb3 27. Re3 Qb4 28. Qc2 Rc4 29. Rbe1 Bxf3+ 30. Kxf3 Qc5 31. e5 dxe5 32. fxe5 b5 33. axb5 axb5 34. Qd3 b4 35. Ne4 Qd4 36. Nd6 Qg4+ 37. Kg2 Rd4 38. Nxe8 Rxd3 39. Rxd3 Qc4 40. Nf6+ Kf8 41. Rd2 Bh6 42. Re4 Qc1 43. Rde2 Bg5 44. Nxh7+ Ke8 45. Nxg5 Qxg5 46. Rxb4 Qc1 47. Rb8+ Kd7 48. e6+ fxe6 49. dxe6+ Ke7 50. Rb7+ Ke8 51. Rh7 Qc6+ 52. Kh2 Qc4 53. Re5 Qd4 54. Re2 Qc4 55. Rd2 Qxe6 56. Rc2 Kd8 57. b4 Qe4 58. Ra2 1-0

[Event "Heusenstamm Sparkassen op-A 4th"]
[Site "Heusenstamm"]
[Date "2017.11.25"]
[Round "5"]
[White "Liard, Thibaud"]
[Black "Thinius, Marco"]
[Result "0-1"]
[WhiteElo "2169"]
[BlackElo "2375"]
[PlyCount "78"]
[EventDate "2017.11.23"]
[EventType "swiss"]
[EventRounds "7"]
[EventCountry "GER"]
[SourceTitle "EXT 2019"]
[Source "ChessBase"]
[SourceDate "2018.10.10"]
[SourceVersion "1"]
[SourceVersionDate "2018.10.10"]
[SourceQuality "1"]

1. d4 Nf6 2. c4 g6 3. Nc3 d5 4. cxd5 Nxd5 5. Bd2 Bg7 6. e4 Nxc3 7. Bxc3 0-0 8. Nf3 Bg4 9. Be2 c5 10. d5 Bxc3+ 11. bxc3 Bxf3 12. Bxf3 Qd6 13. Rb1 b6 14. h4 Nd7 15. Qd2 f5 16. h5 Qf6 17. hxg6 hxg6 18. exf5 Qxf5 19. 0-0 Ne5 20. Be2 g5 21. c4 Rad8 22. Rb3 Rd6 23. Rg3 Rg6 24. Bd3 Nxd3 25. Rxd3 Qf4 26. Qc2 Rh6 27. Rh3 Rff6 28. Qd3 Rxh3 29. gxh3 Kf7 30. Qe2 Qf3 31. Qe3 g4 32. h4 Qxe3 33. fxe3 Rxf1+ 34. Kxf1 b5 35. cxb5 c4 36. a4 c3 37. Ke2 c2 38. Kd2 c1Q+ 39. Kxc1 g3 0-1